[Event "Schleswig Holstein-ch Seniors"]
[Site "Hanerau"]
[Date "2015.03.29"]
[Round "2"]
[White "Wald, Rainer"]
[Black "Niemoeller, Hendrik"]
[Result "1-0"]
[WhiteElo "1756"]
[BlackElo "1517"]
[PlyCount "69"]
[EventDate "2015.03.28"]
[EventType "swiss"]
[EventRounds "9"]
[EventCountry "GER"]
[SourceTitle "EXT 2018"]
[Source "ChessBase"]
[SourceDate "2017.10.13"]
[SourceVersion "1"]
[SourceVersionDate "2017.10.13"]
[SourceQuality "1"]

1. d4 Nf6 2. c4 e6 3. Nc3 d5 4. cxd5 Nxd5 5. e4 Nf6 6. Bg5 Be7 7. Nf3 0-0 8. Bc4 Nbd7 9. 0-0 Nb6 10. Bb3 h6 11. Be3 Bd7 12. Qd3 Ng4 13. Rad1 Nxe3 14. Qxe3 Rc8 15. Rfe1 Re8 16. Ne5 Bf6 17. Nxd7 Nxd7 18. e5 Be7 19. Qe4 c6 20. Re3 Nf8 21. Qg4 Nh7 22. Rg3 Bf8 23. f4 Qe7 24. f5 Qg5 25. fxe6 Qxg4 26. exf7+ Kh8 27. Rxg4 Red8 28. h4 c5 29. d5 c4 30. Rxc4 Bc5+ 31. Kh1 Nf8 32. Ne4 Be7 33. g3 Nd7 34. Rxc8 Rxc8 35. d6 1-0

[Event "Heide-ch"]
[Site "Heide"]
[Date "2000.03.31"]
[Round "2"]
[White "Schwander, Oliver"]
[Black "Niemoeller, Hendrik"]
[Result "0-1"]
[WhiteElo "1553"]
[BlackElo "730"]
[PlyCount "90"]
[EventDate "2000.03.17"]
[EventType "swiss"]
[EventRounds "7"]
[EventCountry "GER"]
[SourceTitle "EXT 2003"]
[Source "ChessBase"]
[SourceDate "2002.11.25"]
[SourceVersion "1"]
[SourceVersionDate "2002.11.25"]
[SourceQuality "1"]

1. d4 d5 2. c4 Nf6 3. Nc3 e6 4. Nf3 c5 5. e3 Be7 6. Bd3 Nc6 7. 0-0 0-0 8. Rb1 b6 9. Bd2 a5 10. Nb5 Nb4 11. Bxb4 axb4 12. a3 bxa3 13. bxa3 Ba6 14. a4 Bxb5 15. Rxb5 Ra5 16. Ne5 Rxb5 17. axb5 Qc7 18. Qe2 Ra8 19. f4 Bd6 20. Nf3 Ra4 21. Rc1 cxd4 22. Nxd4 dxc4 23. Qe1 Bb4 24. Qd1 Ba3 25. Rc3 Ra8 26. Rxc4 Bc5 27. Rc2 Nd5 28. Qf3 Ra1+ 29. Kf2 Ra3 30. Qe4 g6 31. g4 Nb4 32. Rc1 Nxd3+ 33. Kf3 Nxc1 34. f5 Qxh2 35. fxe6 Qh1+ 36. Kf4 Qxe4+ 37. Kxe4 Bxd4 38. exd4 Kf8 39. d5 fxe6 40. dxe6 h5 41. gxh5 gxh5 42. Ke5 Ke7 43. Kf5 Ra5 44. Kg5 Rxb5+ 45. Kh4 Kxe6 0-1